A carregar...

Critical theory of international politics :Complimentry, justice, and governance

Detalhes bibliográficos
Autor principal: Roach, Steven C.
Formato: Printed Book
Publicado em: London ; New York : Routledge, 2010.
Assuntos:
LEADER 00789cam a2200217 a 4500
020 |a 9780415774840 (hardback) 
020 |a 0415774845 (hardback) 
020 |a 9780415774857 (pbk.) 
020 |a 0415774853 (pbk.) 
020 |a 9780203861295 (ebook) 
020 |a 0203861299 (ebook) 
082 0 0 |a 327.101  |b ROA/C 
100 1 |a Roach, Steven C. 
245 1 0 |a Critical theory of international politics :Complimentry, justice, and governance 
260 |a London ;  |a New York :  |b Routledge,  |c 2010. 
300 |a viii, 171 p. ; 
650 0 |a International relations.  |a Political science 
650 0 |a Critical theory. 
942 |c BK 
999 |c 34869  |d 34869 
952 |0 0  |1 0  |4 0  |6 327_101000000000000_ROAC  |7 0  |8 Stack  |9 36884  |a KUCL  |b KUCL  |c Stack  |d 2015-09-22  |l 0  |o 327.101 ROA/C  |p 33665  |r 2015-09-22  |w 2015-09-22  |y BK